[Event "Mittelfrankenliga-B2a 0708"]
[Site "Mittelfranken"]
[Date "2008.02.17"]
[Round "6.6"]
[White "Geier, Erhardt"]
[Black "Lausen, Berthold"]
[Result "0-1"]
[WhiteElo "1779"]
[BlackElo "1971"]
[PlyCount "69"]
[EventDate "2007.10.14"]
[EventType "team-tourn"]
[EventRounds "9"]
[EventCountry "GER"]
[SourceTitle "EXT 2011"]
[Source "ChessBase"]
[SourceDate "2010.11.26"]
[SourceVersion "1"]
[SourceVersionDate "2010.11.26"]
[SourceQuality "1"]
[WhiteTeam "Forchheim III"]
[BlackTeam "Erlangen SC II"]
[WhiteTeamCountry "GER"]
[BlackTeamCountry "GER"]

1. e4 c6 2. d4 d5 3. e5 Bf5 4. Nc3 e6 5. g4 Bg6 6. Nge2 Bb4 7. h4 Be4 8. Rh3 h5 9. g5 Ne7 10. Ng3 g6 11. Bd2 Bf5 12. Nxf5 Nxf5 13. a3 Ba5 14. Ne2 Bb6 15. c3 c5 16. dxc5 Bxc5 17. b4 Bb6 18. Ng3 Nxg3 19. Rxg3 Nc6 20. Bb5 0-0 21. f4 Ne7 22. Bd3 a5 23. b5 Rc8 24. Qe2 Nf5 25. Bxf5 exf5 26. Be3 Rc4 27. Rd1 Re4 28. Qf2 Qe7 29. Kf1 Bxe3 30. Rxe3 Qxa3 31. Rxe4 fxe4 32. Qd4 Qb2 33. b6 Qh2 34. Qf2 Qh3+ 35. Kg1 0-1

[Event "Mittelfrankenliga-B2a 0506"]
[Site "Germany"]
[Date "2005.12.04"]
[Round "3.1"]
[White "Goetz, Dieter"]
[Black "Lausen, Berthold"]
[Result "1-0"]
[WhiteElo "1872"]
[BlackElo "1960"]
[PlyCount "73"]
[EventDate "2005.10.16"]
[EventType "team"]
[EventRounds "9"]
[EventCountry "GER"]
[SourceTitle "EXT 2007"]
[Source "ChessBase"]
[SourceDate "2006.11.23"]
[SourceVersion "1"]
[SourceVersionDate "2006.11.23"]
[SourceQuality "1"]

1. c4 Nf6 2. Nc3 c6 3. e4 e5 4. Nf3 d6 5. g3 Bg4 6. Bg2 Nbd7 7. 0-0 Be7 8. d3 0-0 9. h3 Bh5 10. g4 Bg6 11. Be3 Qa5 12. Nd2 Nc5 13. Nb3 Nxb3 14. Qxb3 Qc7 15. Rac1 Nd7 16. Qc2 Nc5 17. Ne2 Ne6 18. Qd2 Qd7 19. Ng3 h6 20. Nf5 Bg5 21. h4 Bf4 22. d4 Bxe3 23. fxe3 Rfd8 24. d5 cxd5 25. exd5 Nc7 26. e4 b6 27. g5 Bxf5 28. Rxf5 hxg5 29. Qxg5 Ne8 30. Bh3 Kf8 31. Rcf1 f6 32. Rxf6+ gxf6 33. Bxd7 Rxd7 34. Qh6+ Ke7 35. Qh8 Rdd8 36. Qh7+ Kf8 37. Kh2 1-0

[Event "Mittelfranken-ch HT 54th"]
[Site "Forchheim"]
[Date "2005.03.25"]
[Round "8"]
[White "Foerstel, Stefan"]
[Black "Lausen, Berthold"]
[Result "1-0"]
[WhiteElo "1784"]
[BlackElo "1935"]
[PlyCount "115"]
[EventDate "2005.03.22"]
[EventType "swiss"]
[EventRounds "9"]
[EventCountry "GER"]
[SourceTitle "EXT 2011"]
[Source "ChessBase"]
[SourceDate "2010.11.26"]
[SourceVersion "1"]
[SourceVersionDate "2010.11.26"]
[SourceQuality "1"]

1. e4 c6 2. d4 d5 3. Nc3 dxe4 4. Nxe4 Nd7 5. Nf3 Ngf6 6. Ng3 g6 7. Bc4 Bg7 8. 0-0 0-0 9. Bg5 Nb6 10. Bb3 a5 11. c3 a4 12. Bc2 Ra5 13. Re1 Bg4 14. Be3 Nc4 15. b3 Nxe3 16. fxe3 axb3 17. axb3 Qc7 18. b4 Raa8 19. Qd3 h5 20. Ne5 h4 21. Ne2 Bf5 22. Qd2 Ne4 23. Bxe4 Bxe4 24. Nf3 Bf6 25. Ra2 Bd5 26. Raa1 Qd7 27. Nf4 Be4 28. Nd3 Qf5 29. Nde5 h3 30. Qf2 hxg2 31. Rec1 Kg7 32. Nd2 Qxf2+ 33. Kxf2 Bxe5 34. dxe5 Bd5 35. c4 Be6 36. Kxg2 Rxa1 37. Rxa1 Rd8 38. Ra2 Rd3 39. Kf2 Rc3 40. Ra7 Rc2 41. Ke1 Bxc4 42. Rxb7 Bd5 43. e4 Ba2 44. Rxe7 Rb2 45. Rc7 Rxb4 46. Rxc6 Rb5 47. Nf3 Kh6 48. Kf2 Kh5 49. Kg3 Ra5 50. Kf4 Ra4 51. Rd6 Be6 52. Ng5 Ra2 53. Nxe6 fxe6 54. Rxe6 Rxh2 55. Re8 Rf2+ 56. Kg3 Rf1 57. e6 Kg5 58. Rg8 1-0

[Event "Mittelfranken-ch HT 54th"]
[Site "Forchheim"]
[Date "2005.03.25"]
[Round "7"]
[White "Lausen, Berthold"]
[Black "Kuhmann, Peter"]
[Result "1-0"]
[WhiteElo "1935"]
[BlackElo "1843"]
[PlyCount "107"]
[EventDate "2005.03.22"]
[EventType "swiss"]
[EventRounds "9"]
[EventCountry "GER"]
[SourceTitle "EXT 2011"]
[Source "ChessBase"]
[SourceDate "2010.11.26"]
[SourceVersion "1"]
[SourceVersionDate "2010.11.26"]
[SourceQuality "1"]

1. Nf3 Nf6 2. d4 e6 3. g3 d5 4. Bg2 Be7 5. 0-0 0-0 6. c4 c6 7. Nbd2 Nbd7 8. Qc2 b6 9. e4 dxe4 10. Nxe4 Bb7 11. Rd1 Qc8 12. Nfg5 c5 13. Be3 h6 14. Nxf6+ Nxf6 15. Nf3 Be4 16. Qe2 cxd4 17. Bxd4 Qb7 18. Nh4 Bxg2 19. Nxg2 Qe4 20. Qxe4 Nxe4 21. Rd3 Rac8 22. b3 Rfd8 23. Rad1 Rd7 24. Ne1 Rcd8 25. Kg2 f6 26. f3 Ng5 27. Kf2 e5 28. Be3 Rxd3 29. Rxd3 Rxd3 30. Nxd3 Ne6 31. Ke2 Kf7 32. Nf2 f5 33. Nd1 Bb4 34. Kd3 f4 35. gxf4 exf4 36. Bd4 Ng5 37. Be5 Ne6 38. Ke4 Bd2 39. Kd3 Bb4 40. Nf2 g5 41. Ke4 Kg6 42. Kd5 Kf5 43. Ng4 h5 44. Nh6+ Kg6 45. Kxe6 Kxh6 46. Kf5 Be7 47. h3 Bd8 48. Bd6 Kg7 49. b4 Kf7 50. c5 bxc5 51. bxc5 g4 52. hxg4 h4 53. Kxf4 Ke6 54. g5 1-0

[Event "Mittelfranken-ch HT 54th"]
[Site "Forchheim"]
[Date "2005.03.24"]
[Round "6"]
[White "Fink, Martin"]
[Black "Lausen, Berthold"]
[Result "1-0"]
[WhiteElo "1864"]
[BlackElo "1935"]
[PlyCount "81"]
[EventDate "2005.03.22"]
[EventType "swiss"]
[EventRounds "9"]
[EventCountry "GER"]
[SourceTitle "EXT 2011"]
[Source "ChessBase"]
[SourceDate "2010.11.26"]
[SourceVersion "1"]
[SourceVersionDate "2010.11.26"]
[SourceQuality "1"]

1. e4 c6 2. d4 d5 3. exd5 cxd5 4. Nf3 Nf6 5. Bd3 Nc6 6. 0-0 Bg4 7. c3 e6 8. h3 Bh5 9. Bg5 Be7 10. Nbd2 Bg6 11. Qe2 Qc7 12. Ne5 Nxe5 13. dxe5 Bxd3 14. Qxd3 Qxe5 15. Qb5+ Nd7 16. Bxe7 Kxe7 17. Rfe1 Qc7 18. Rad1 Qc5 19. Qd3 Nf6 20. Qg3 Rad8 21. Nb3 Qd6 22. Qxg7 Rhg8 23. Qh6 Rg6 24. Qe3 Rdg8 25. g4 Nxg4 26. hxg4 Rxg4+ 27. Kf1 Qa6+ 28. Rd3 Qxa2 29. Qc5+ Kf6 30. Rf3+ Kg7 31. Qe7 Kh8 32. Qf6+ R4g7 33. Nc5 Qc4+ 34. Nd3 e5 35. Qxe5 h6 36. Ree3 Kh7 37. Qf5+ Rg6 38. Re7 Kh8 39. Qxf7 R6g7 40. Qf6 Kh7 41. Rh3 1-0

[Event "Mittelfranken-chT 0405"]
[Site "Germany"]
[Date "2005.03.13"]
[Round "7.4"]
[White "Lausen, Berthold"]
[Black "Schulz, Wilfried"]
[Result "1/2-1/2"]
[WhiteElo "1968"]
[BlackElo "1949"]
[PlyCount "82"]
[EventDate "2004.10.17"]
[EventType "team"]
[EventRounds "9"]
[EventCountry "GER"]
[SourceTitle "EXT 2007"]
[Source "ChessBase"]
[SourceDate "2006.11.23"]
[SourceVersion "1"]
[SourceVersionDate "2006.11.23"]
[SourceQuality "1"]

1. Nf3 Nf6 2. g3 d5 3. Bg2 e6 4. 0-0 Be7 5. d4 0-0 6. c4 c6 7. Nbd2 Nbd7 8. Qc2 b6 9. e4 dxc4 10. Nxc4 Bb7 11. Nce5 b5 12. Nxd7 Nxd7 13. Ne5 Nxe5 14. dxe5 Qc7 15. Rd1 Rfd8 16. Be3 c5 17. f4 a6 18. a4 c4 19. axb5 axb5 20. Rxa8 Rxa8 21. f5 Rd8 22. Rxd8+ Qxd8 23. fxe6 fxe6 24. b3 Qa5 25. Kf2 c3 26. Bh3 Bc8 27. Bd4 b4 28. Qe2 Bd7 29. Qc4 Kf7 30. Ke3 Qa2 31. Kf3 Qd2 32. Be3 Qd1+ 33. Kf2 h6 34. Bf1 Bg5 35. Bxg5 hxg5 36. Bd3 g4 37. Kg2 Qf3+ 38. Kg1 Qe3+ 39. Kg2 Qf3+ 40. Kg1 Qe3+ 41. Kg2 Qf3+ 1/2-1/2

[Event "Mittelfranken-chT 0405"]
[Site "Germany"]
[Date "2005.01.23"]
[Round "5.4"]
[White "Lausen, Berthold"]
[Black "Herbst, Thomas"]
[Result "1-0"]
[WhiteElo "1968"]
[BlackElo "1952"]
[PlyCount "77"]
[EventDate "2004.10.17"]
[EventType "team"]
[EventRounds "9"]
[EventCountry "GER"]
[SourceTitle "EXT 2007"]
[Source "ChessBase"]
[SourceDate "2006.11.23"]
[SourceVersion "1"]
[SourceVersionDate "2006.11.23"]
[SourceQuality "1"]

1. d4 d5 2. Nf3 Nf6 3. c4 c6 4. Nc3 a6 5. b3 Bf5 6. Bb2 h6 7. e3 e6 8. Bd3 Bxd3 9. Qxd3 Bb4 10. Nd2 Nbd7 11. 0-0 0-0 12. e4 Bxc3 13. Bxc3 Nxe4 14. Nxe4 dxe4 15. Qxe4 Nf6 16. Qf3 Qd6 17. Rfd1 Rfd8 18. Rd2 Ne8 19. Re1 a5 20. Re5 a4 21. b4 Nf6 22. g4 Nd7 23. Rh5 Nf6 24. Rh3 Nh7 25. Rg3 b5 26. h4 bxc4 27. g5 hxg5 28. hxg5 Nf8 29. Re2 Qd5 30. Re4 Ng6 31. Qe2 Qf5 32. f3 Qb5 33. f4 Rd5 34. Rh3 Rad8 35. Rxe6 Kf8 36. Rxg6 fxg6 37. Qe6 Rxg5+ 38. fxg5 Qxg5+ 39. Kf2 1-0

[Event "Cesenatico op 9th"]
[Site "Cesenatico"]
[Date "2004.09.11"]
[Round "8"]
[White "Lausen, Berthold"]
[Black "Terbonati, Paolo"]
[Result "1-0"]
[WhiteElo "2059"]
[BlackElo "1931"]
[PlyCount "81"]
[EventDate "2004.09.04"]
[EventType "swiss"]
[EventRounds "9"]
[EventCountry "ITA"]
[SourceTitle "EXT 2007"]
[Source "ChessBase"]
[SourceDate "2006.11.23"]
[SourceVersion "1"]
[SourceVersionDate "2006.11.23"]
[SourceQuality "1"]

1. d4 Nf6 2. c4 g6 3. Nc3 Bg7 4. e4 d6 5. Be2 0-0 6. Nf3 e5 7. Be3 Nc6 8. d5 Ne7 9. Nd2 Nd7 10. 0-0 f5 11. f3 f4 12. Bf2 a5 13. Rc1 b6 14. a3 Nf6 15. b4 axb4 16. axb4 g5 17. c5 bxc5 18. bxc5 h5 19. cxd6 cxd6 20. Nb5 Ng6 21. Nc4 Ne8 22. Nb6 Rb8 23. Nxc8 Rxc8 24. Qb3 Rxc1 25. Rxc1 Qb8 26. Qa2 Rf7 27. Na7 Ne7 28. Nc6 Nxc6 29. dxc6 Kf8 30. Rb1 Qc8 31. Bc4 Re7 32. Bd5 Nc7 33. Ba7 Na6 34. Qf2 Bf6 35. Rb7 Rc7 36. Qf1 Rxc6 37. Rf7+ Ke8 38. Qb5 Nb4 39. Rxf6 Nxd5 40. exd5 Ke7 41. Qxc6 1-0

[Event "Cesenatico op 9th"]
[Site "Cesenatico"]
[Date "2004.09.04"]
[Round "1"]
[White "Mrdja, Milan"]
[Black "Lausen, Berthold"]
[Result "1-0"]
[WhiteElo "2432"]
[BlackElo "2059"]
[PlyCount "58"]
[EventDate "2004.09.04"]
[EventType "swiss"]
[EventRounds "9"]
[EventCountry "ITA"]
[SourceTitle "EXT 2007"]
[Source "ChessBase"]
[SourceDate "2006.11.23"]
[SourceVersion "1"]
[SourceVersionDate "2006.11.23"]
[SourceQuality "1"]

1. e4 c6 2. d4 d5 3. Nd2 dxe4 4. Nxe4 Nd7 5. Nf3 Ngf6 6. Nxf6+ Nxf6 7. Ne5 Be6 8. c3 g6 9. f4 Bg7 10. Bd3 Nd7 11. Nf3 f6 12. f5 Bf7 13. Qc2 gxf5 14. Bxf5 Nf8 15. Bf4 Ng6 16. Bg3 e6 17. Bd3 Qe7 18. 0-0-0 Bh6+ 19. Kb1 Bf4 20. Nh4 Bxg3 21. Nxg6 hxg6 22. hxg3 Rg8 23. Qa4 a6 24. Rh7 Qc7 25. d5 e5 26. dxc6 Qxc6 27. Qxc6+ bxc6 28. Be4 Ke7 29. Bxc6 Rad8 1-0

[Event "Nuremberg-ch op 01st"]
[Site "Nuremberg"]
[Date "2001.06.03"]
[Round "3"]
[White "Lausen, Berthold"]
[Black "Bayer, Bernhard"]
[Result "1/2-1/2"]
[WhiteElo "2037"]
[BlackElo "2274"]
[PlyCount "96"]
[EventDate "2001.06.01"]
[EventType "swiss"]
[EventRounds "5"]
[EventCountry "GER"]
[SourceTitle "EXT 2003"]
[Source "ChessBase"]
[SourceDate "2002.11.25"]
[SourceVersion "1"]
[SourceVersionDate "2002.11.25"]
[SourceQuality "1"]

1. d4 Nf6 2. c4 g6 3. Nc3 Bg7 4. e4 d6 5. Be2 0-0 6. Nf3 e5 7. Be3 Nc6 8. d5 Ne7 9. Nd2 Nd7 10. f3 f5 11. 0-0 f4 12. Bf2 Rf7 13. Rc1 Bf8 14. c5 Nxc5 15. Bxc5 dxc5 16. Bc4 a6 17. a4 Kg7 18. Ba2 g5 19. Qb3 Rf6 20. Nc4 Ng6 21. d6 Bxd6 22. Nxd6 cxd6 23. Nd5 Rf8 24. Nb6 Be6 25. Qxe6 Qxb6 26. Rfd1 Rad8 27. Rc3 c4+ 28. Kh1 Qxb2 29. Rxc4 Rde8 30. Rc7+ Kh8 31. Qd5 Re7 32. Rxe7 Nxe7 33. Qxd6 Ng6 34. Be6 Kg7 35. Bf5 Rf7 36. Bxg6 hxg6 37. Qd8 g4 38. fxg4 Qe2 39. Qd3 Qxg4 40. h3 Qg5 41. Qf3 Rc7 42. Kh2 Kf6 43. Ra1 Rc4 44. a5 Rd4 45. Rb1 Ra4 46. Rxb7 Rxa5 47. Ra7 Ra2 48. Ra8 a5 1/2-1/2

[Event "Stuttgart op 6th"]
[Site "Ditzingen"]
[Date "2001.05.24"]
[Round "2"]
[White "Lausen, Berthold"]
[Black "Voloshin, Leonid"]
[Result "0-1"]
[WhiteElo "2037"]
[BlackElo "2420"]
[PlyCount "104"]
[EventDate "2001.05.24"]
[EventType "swiss"]
[EventRounds "7"]
[EventCountry "GER"]
[SourceTitle "CBM 082 Extra"]
[Source "ChessBase"]
[SourceDate "2001.07.03"]
[SourceVersion "1"]
[SourceVersionDate "2001.07.03"]
[SourceQuality "1"]

1. d4 Nf6 2. c4 e6 3. g3 Bb4+ 4. Nd2 c5 5. Ngf3 cxd4 6. Nxd4 Qb6 7. e3 Nc6 8. N4f3 0-0 9. Bg2 Qc7 10. 0-0 b6 11. a3 Be7 12. b3 Bb7 13. Bb2 a6 14. Qc2 h6 15. Rfd1 d6 16. Qc3 Rfc8 17. Ne4 Na5 18. Nxf6+ Bxf6 19. Qc2 Bxb2 20. Qxb2 b5 21. cxb5 axb5 22. Rac1 Qb6 23. Nd4 Bxg2 24. Kxg2 Nc6 25. Nxc6 Rxc6 26. Kg1 Rac8 27. Rxc6 Qxc6 28. Rd4 d5 29. a4 Qc1+ 30. Qxc1 Rxc1+ 31. Kg2 Rb1 32. Rd3 bxa4 33. bxa4 Ra1 34. Rd4 f5 35. g4 fxg4 36. Rxg4 Kf7 37. Rb4 Kf6 38. e4 Ke5 39. f4+ Kf6 40. Kg3 Ra3+ 41. Kg4 dxe4 42. Rb5 g6 43. a5 h5+ 44. Kh4 Rf3 45. Rb4 Rxf4+ 46. Kg3 Rf3+ 47. Kg2 Ra3 48. Rxe4 Rxa5 49. h4 e5 50. Rb4 Kf5 51. Kf3 Ra3+ 52. Ke2 Rg3 0-1